Capitales des États américains avec carte - Statistiques

Statistiques générales
  • Ce quiz a été pris 200 fois
  • Le résultat moyen est 24 sur 50
Réponses sur la Carte
Les réponses sont colorées sur une échelle allant du rouge au vert en fonction du pourcentage des utilisateurs qui les ont devinées à leur premier essai. Vous pouvez retrouver ces pourcentages ci-dessous.
 
Statistiques - réponses
Réponse % Correct
Austin
80%
Sacramento
80%
Denver
74%
Phoenix
71%
Baton Rouge
69%
Boston
69%
Atlanta
68%
Indianapolis
66%
Honolulu
65%
Oklahoma City
62%
Salt Lake City
62%
Juneau
60%
Montpelier
56%
Tallahassee
56%
Albany
54%
Santa Fe
54%
Nashville
53%
Salem
53%
Raleigh
51%
Bismarck
49%
Pierre
49%
Jackson
48%
Des Moines
46%
Helena
45%
Springfield
45%
Boise
44%
Montgomery
44%
Providence
44%
Augusta
41%
Carson City
41%
Cheyenne
41%
Lincoln
41%
Olympia
41%
Richmond
40%
Saint Paul
39%
Madison
37%
Dover
36%
Frankfort
36%
Charleston
35%
Little Rock
34%
Topeka
34%
Annapolis
32%
Columbus
32%
Hartford
32%
Lansing
32%
Columbia
31%
Harrisburg
30%
Trenton
29%
Concord
27%
Jefferson City
27%
Aucun quiz correspondant
Distribution des résultats
% des personnes avec chaque résultat
Percentile par nombre de réponses
Votre historique - résultats
Vous n’avez pas pris ce quiz